| 000 | 00338nam a22001457a 4500 | ||
|---|---|---|---|
| 020 | _a81-7301-626-7 | ||
| 082 |
_a823 _bPRA/H |
||
| 100 | _aPRAKASH, VED | ||
| 245 |
_aHURT _bCHARACTER BUILDING STORIES |
||
| 260 |
_aDELHI _bDREAMLAND |
||
| 300 | _a24 | ||
| 520 | _aENGLISH SHORT STORY | ||
| 650 |
_aENGLISH SHORT STORY _zDELHI |
||
| 942 | _cBK | ||
| 999 |
_c5023 _d5023 |
||